[Event "OLNN 2122 Schachfreunde HH - SF Schweri"]
[Site "?"]
[Date "2021.10.31"]
[Round "1.3"]
[White "Schulz, Karsten"]
[Black "Andersen, Jens Knud"]
[Result "1/2-1/2"]
[WhiteElo "2297"]
[BlackElo "2149"]
[PlyCount "48"]
[EventDate "2021.??.??"]

1. Nf3 d5 2. g3 g6 3. c4 dxc4 4. Qa4+ Nc6 5. Qxc4 e5 6. Nc3 Bg7 7. Bg2 Be6 8.
Qa4 h6 9. O-O Nge7 10. d3 O-O 11. Bd2 f5 12. a3 Nd4 13. Nxd4 exd4 14. Na2 c6
15. Qc2 Bd5 16. Bxd5+ Nxd5 17. Qb3 Qb6 18. Qxb6 axb6 19. Nb4 Rfe8 20. Nxd5 cxd5
21. Rfe1 Rac8 22. Rac1 Rxc1 23. Rxc1 Rxe2 24. Rc2 Kf7 1/2-1/2

[Event "OLNN 2122 Schachfreunde HH - SF Schweri"]
[Site "?"]
[Date "2021.10.31"]
[Round "1.4"]
[White "Gremmel, Jonas Simon"]
[Black "Reichmann, Hendrik"]
[Result "0-1"]
[WhiteElo "2028"]
[BlackElo "2348"]
[PlyCount "96"]
[EventDate "2021.??.??"]

1. d4 g6 2. g3 Bg7 3. Bg2 d6 4. e4 Nf6 5. h3 O-O 6. Ne2 e5 7. O-O Nc6 8. c3 Re8
9. Qc2 exd4 10. Nxd4 Bd7 11. Be3 Ne5 12. Nd2 c5 13. Ne2 Bc6 14. Rad1 Qc7 15. g4
b5 16. Ng3 c4 17. b3 d5 18. f4 Nd3 19. e5 Nd7 20. Bd4 N7c5 21. Nf3 Ne6 22. Rxd3
cxd3 23. Qd2 b4 24. Rc1 Qb7 25. cxb4 Rac8 26. Bc5 d4 27. Ne1 Nxf4 28. Bxc6 Qxc6
29. Nxd3 Nxd3 30. Qxd3 Rxe5 31. Nf1 Qe8 32. Rc2 Re4 33. Rd2 a5 34. a3 Qe6 35.
Qg3 h6 36. Qf3 axb4 37. Bxb4 Kh7 38. Rf2 Kg8 39. Rd2 Rb8 40. Qg3 Be5 41. Qd3
Rf4 42. Re2 Qd5 43. Bd2 Rxb3 44. Rxe5 Rxf1+ 45. Qxf1 Qxe5 46. Bxh6 Qg3+ 47. Qg2
Rb1+ 48. Bc1 Rxc1# 0-1

[Event "OLNN 2122 Schachfreunde HH - SF Schweri"]
[Site "?"]
[Date "2021.10.31"]
[Round "1.5"]
[White "Rittemann, Steffen"]
[Black "Zimmermann, Martin"]
[Result "1/2-1/2"]
[WhiteElo "2154"]
[BlackElo "2139"]
[PlyCount "30"]
[EventDate "2021.??.??"]

1. e4 c5 2. Nf3 d6 3. Nc3 Nc6 4. d4 cxd4 5. Nxd4 e6 6. Be2 a6 7. O-O Qc7 8. Bg5
Bd7 9. Qd2 Nxd4 10. Qxd4 Qc5 11. Qxc5 dxc5 12. Rac1 Bc6 13. e5 Ne7 14. Bd3 h6
15. Be3 Nd5 1/2-1/2

[Event "OLNN 2122 Schachfreunde HH - SF Schweri"]
[Site "?"]
[Date "2021.10.31"]
[Round "1.6"]
[White "Dietz, Juergen"]
[Black "Grahl, Arvid"]
[Result "1/2-1/2"]
[WhiteElo "2133"]
[BlackElo "2172"]
[PlyCount "30"]
[EventDate "2021.??.??"]

1. f4 d5 2. Nf3 g6 3. e3 Bg7 4. Be2 Nf6 5. O-O O-O 6. d3 c5 7. Nc3 b6 8. e4
dxe4 9. dxe4 Bb7 10. e5 Ne4 11. Nxe4 Bxe4 12. Ng5 Qxd1 13. Rxd1 Bxc2 14. Rd2
Ba4 15. Bc4 e6 1/2-1/2

[Event "OLNN 2122 Schachfreunde HH - SF Schweri"]
[Site "?"]
[Date "2021.10.31"]
[Round "1.7"]
[White "Heinsohn, Wilfried"]
[Black "Mix, Clemens"]
[Result "1/2-1/2"]
[WhiteElo "2127"]
[BlackElo "1978"]
[PlyCount "64"]
[EventDate "2021.??.??"]

1. e4 c5 2. Nc3 Nc6 3. Bb5 e6 4. Bxc6 bxc6 5. Nf3 d5 6. d3 Be7 7. O-O Nf6 8.
Re1 O-O 9. e5 Nd7 10. Na4 Nb6 11. c4 Ba6 12. Qc2 dxc4 13. dxc4 Nxc4 14. b3 Nb6
15. Nxc5 Bxc5 16. Qxc5 Qd5 17. Ba3 Rfd8 18. Rac1 Bb5 19. Qe3 Qd3 20. Bc5 Qxe3
21. Bxe3 Nd5 22. a4 Bd3 23. Rxc6 Nb4 24. Rc7 Nc2 25. Rc1 Rab8 26. Bxa7 Rxb3 27.
Ne1 Nxe1 28. Rc8 Rf8 29. Rxf8+ Kxf8 30. Rxe1 Rb1 31. Rxb1 Bxb1 32. Bc5+ Ke8
1/2-1/2

[Event "OLNN 2122 SC Tura Harksheide - SC Köni"]
[Site "?"]
[Date "2021.10.31"]
[Round "1.1"]
[White "Zimmermann, Julian"]
[Black "Hovhannisyan, Artur"]
[Result "1-0"]
[WhiteElo "2287"]
[BlackElo "2182"]
[PlyCount "71"]
[EventDate "2021.??.??"]

1. e4 c5 2. c3 d5 3. exd5 Qxd5 4. d4 Nf6 5. Nf3 Nc6 6. Na3 e6 7. Be2 cxd4 8.
Nb5 Qd8 9. O-O Be7 10. Nfxd4 Nxd4 11. Qxd4 Qxd4 12. Nxd4 O-O 13. Bf3 Rd8 14.
Re1 Nd5 15. Nc2 Bc5 16. Rd1 Bd7 17. c4 Nb6 18. Bf4 Bc6 19. Be2 Be4 20. Rxd8+
Rxd8 21. Rc1 Na4 22. b3 Nc3 23. Bf1 Nd1 24. Be2 Nc3 25. Bf1 Nxa2 26. Ra1 Bxc2
27. Rxa2 Bxb3 28. Rb2 Bd1 29. Rxb7 h6 30. Be3 Bxe3 31. fxe3 a5 32. Ra7 a4 33.
c5 Rd5 34. c6 Rc5 35. c7 Kh7 36. Ba6 1-0

[Event "OLNN 2122 SC Tura Harksheide - SC Köni"]
[Site "?"]
[Date "2021.10.31"]
[Round "1.2"]
[White "Parvanyan, Alfred"]
[Black "Rosmann, Ilja"]
[Result "1/2-1/2"]
[WhiteElo "2122"]
[BlackElo "2282"]
[PlyCount "74"]
[EventDate "2021.??.??"]

1. d4 Nf6 2. Nf3 g6 3. Nbd2 d5 4. g3 Bg7 5. Bg2 c5 6. c3 cxd4 7. Nxd4 e5 8. Nc2
Nc6 9. O-O O-O 10. Nb3 a5 11. Bg5 a4 12. Nc5 Qb6 13. Nd3 Be6 14. Ncb4 e4 15.
Nxc6 bxc6 16. Be3 Qb5 17. Nc5 Qxb2 18. Nxa4 Qa3 19. Nc5 Qxc3 20. Rc1 Qa5 21.
Nxe6 fxe6 22. Rxc6 Qxa2 23. Bh3 e5 24. Bc5 Rfe8 25. Be6+ Kh8 26. Bf7 Rec8 27.
Rxf6 Bxf6 28. Bxd5 Rd8 29. Bxa2 Rxd1 30. Rxd1 Rxa2 31. Kf1 Rc2 32. Rd5 Kg7 33.
Rd7+ Kg8 34. Be3 h5 35. h4 Rb2 36. Ra7 Rb1+ 37. Kg2 Rb2 1/2-1/2

[Event "OLNN 2122 SC Tura Harksheide - SC Köni"]
[Site "?"]
[Date "2021.10.31"]
[Round "1.3"]
[White "Borgmeyer, Max"]
[Black "Khachatryan, Taron"]
[Result "1-0"]
[WhiteElo "2171"]
[BlackElo "2031"]
[PlyCount "73"]
[EventDate "2021.??.??"]

1. e4 c5 2. Nf3 d6 3. d4 cxd4 4. Nxd4 Nf6 5. Nc3 a6 6. Be3 e5 7. Nb3 Be6 8. f3
Be7 9. Qd2 O-O 10. O-O-O Nbd7 11. g4 b5 12. g5 b4 13. Ne2 Ne8 14. Kb1 a5 15. f4
a4 16. Nbc1 Qa5 17. f5 Bc4 18. f6 gxf6 19. Ng3 Be6 20. Nf5 Bxf5 21. exf5 Nc7
22. Rg1 Kh8 23. g6 Rg8 24. g7+ Rxg7 25. Rxg7 Kxg7 26. Bh6+ Kh8 27. Bc4 d5 28.
Rg1 Bf8 29. Bxf8 Nxf8 30. Qh6 Ng6 31. fxg6 fxg6 32. Rxg6 Rg8 33. Rxf6 Ne8 34.
Rf7 Rg7 35. Rf8+ Rg8 36. Rxg8+ Kxg8 37. Qe6+ 1-0

[Event "OLNN 2122 SC Tura Harksheide - SC Köni"]
[Site "?"]
[Date "2021.10.31"]
[Round "1.4"]
[White "Schmidt, Christian"]
[Black "Wagner, Friedrich"]
[Result "0-1"]
[WhiteElo "2178"]
[BlackElo "2131"]
[PlyCount "110"]
[EventDate "2021.??.??"]

1. d4 d5 2. c4 c6 3. cxd5 cxd5 4. Nf3 Nc6 5. Nc3 Nf6 6. Bf4 a6 7. e3 Bg4 8. Be2
e6 9. Ne5 Nxe5 10. Bxe5 Bxe2 11. Qxe2 Nd7 12. Bg3 Be7 13. Rc1 Rc8 14. O-O O-O
15. Rfd1 b5 16. a4 b4 17. Nb1 Qb6 18. Nd2 Rc6 19. Nb3 Rfc8 20. Qd2 Rc4 21. Qe1
h5 22. f3 Bd8 23. Qd2 Qc6 24. Nc5 Nxc5 25. Rxc4 dxc4 26. dxc5 Qxa4 27. Rc1 Qb5
28. Bd6 Bf6 29. Qe2 c3 30. Qxb5 axb5 31. b3 Bd8 32. Kf2 Bc7 33. e4 f6 34. f4
Bxd6 35. cxd6 Kf7 36. Ra1 e5 37. f5 Rc6 38. Ra7+ Ke8 39. Ra1 Rxd6 40. Kg3 Rd2
41. Kh4 Rxg2 42. h3 Kd7 43. Kxh5 Kc6 44. h4 Rh2 45. Kg6 Rxh4 46. Kxg7 Rxe4 47.
Kxf6 Kd5 48. Ke7 Rf4 49. Rd1+ Ke4 50. f6 c2 51. Rh1 Kd3 52. f7 e4 53. Rh3+ e3
54. Rh4 Rxf7+ 55. Kxf7 c1=Q 0-1

[Event "OLNN 2122 SC Tura Harksheide - SC Köni"]
[Site "?"]
[Date "2021.10.31"]
[Round "1.5"]
[White "Langmann, Markus"]
[Black "Adamowicz, Katarzyna"]
[Result "0-1"]
[WhiteElo "2089"]
[BlackElo "2082"]
[PlyCount "52"]
[EventDate "2021.??.??"]

1. e4 d6 2. d4 Nf6 3. Nc3 Nbd7 4. Be3 e5 5. Nf3 c6 6. h3 Be7 7. Be2 Qc7 8. O-O
h6 9. Qd2 Nf8 10. d5 g5 11. b4 Ng6 12. dxc6 bxc6 13. b5 Bd7 14. a4 Nf4 15. Bxf4
gxf4 16. bxc6 Bxc6 17. Bb5 a6 18. Nd5 Nxd5 19. Bxc6+ Qxc6 20. exd5 Qc4 21. Rfe1
O-O 22. Ra3 Rfc8 23. Nxe5 dxe5 24. Rxe5 Bxa3 25. Qd1 Qxc2 26. Qg4+ Qg6 0-1

[Event "OLNN 2122 SC Tura Harksheide - SC Köni"]
[Site "?"]
[Date "2021.10.31"]
[Round "1.6"]
[White "Gosciniak, Maria"]
[Black "Lampe, Joerg"]
[Result "1-0"]
[WhiteElo "2075"]
[BlackElo "2129"]
[PlyCount "83"]
[EventDate "2021.??.??"]

1. e4 c5 2. Nf3 Nc6 3. d4 cxd4 4. Nxd4 Nf6 5. Nc3 e5 6. Ndb5 d6 7. Nd5 Nxd5 8.
exd5 Nb8 9. c4 Be7 10. Be2 O-O 11. O-O a6 12. Nc3 f5 13. f3 Nd7 14. Kh1 Bg5 15.
Bxg5 Qxg5 16. b4 Rf6 17. Qc1 Qh4 18. Qe1 Qf4 19. Qf2 a5 20. a3 e4 21. Nb5 e3
22. Qg3 Qxg3 23. hxg3 Ne5 24. c5 dxc5 25. bxc5 Bd7 26. Nd4 Rc8 27. f4 Ng4 28.
Bxg4 fxg4 29. Rfc1 Bf5 30. Rc3 Be4 31. d6 Bf5 32. Re1 Bd7 33. Rexe3 Kf8 34. Kg1
Rf7 35. Re5 Rf6 36. Rb3 b5 37. Nxb5 a4 38. Rb4 Rb8 39. Nd4 Rxb4 40. axb4 a3 41.
Re3 a2 42. Ra3 1-0

[Event "OLNN 2122 SC Tura Harksheide - SC Köni"]
[Site "?"]
[Date "2021.10.31"]
[Round "1.8"]
[White "Koehler, Inken"]
[Black "Raider, Eugen"]
[Result "0-1"]
[WhiteElo "1980"]
[BlackElo "2005"]
[PlyCount "80"]
[EventDate "2021.??.??"]

1. c4 b6 2. Nf3 e6 3. g3 Bb7 4. Bg2 c5 5. Nc3 d6 6. O-O Be7 7. b3 h5 8. Bb2 h4
9. Nxh4 Bxg2 10. Nxg2 Nc6 11. e3 Qd7 12. f4 O-O-O 13. Qf3 f5 14. Nb5 d5 15.
Rac1 a6 16. cxd5 exd5 17. Nc3 Nf6 18. Na4 Kb7 19. Bxf6 gxf6 20. d4 cxd4 21.
exd4 Ba3 22. Rc3 Rde8 23. Qf2 Re4 24. Rd1 Rhe8 25. Ne3 b5 26. Nc5+ Bxc5 27.
dxc5 d4 28. Rcd3 Qe6 29. Nc2 Re2 30. Nxd4 Nxd4 31. Qf1 Nc6 32. Rd7+ Kc8 33.
R7d6 Qe3+ 34. Kh1 Qe4+ 35. Kg1 Qe3+ 36. Kh1 Nb4 37. R6d4 Nc2 38. R4d3 Qe4+ 39.
Kg1 Ne1 40. Rc3 Rg2+ 0-1

[Event "OLNN 2122 SC Diogenes - Hamburger SK II"]
[Site "?"]
[Date "2021.10.31"]
[Round "1.1"]
[White "Woelk, Tom-Frederic"]
[Black "Schulenburg, Torben"]
[Result "0-1"]
[WhiteElo "2308"]
[BlackElo "2200"]
[PlyCount "94"]
[EventDate "2021.??.??"]

1. e4 e6 2. d4 d5 3. Nc3 Bb4 4. e5 c5 5. a3 Bxc3+ 6. bxc3 Ne7 7. Qg4 O-O 8. Bd3
f5 9. exf6 Rxf6 10. Bg5 Rf7 11. Qh5 g6 12. Qd1 Nbc6 13. Nf3 Qf8 14. Qd2 cxd4
15. cxd4 Rxf3 16. gxf3 Nxd4 17. Bxe7 Qxe7 18. Be2 Qf6 19. O-O e5 20. Rfe1 Bh3
21. Bd1 Qxf3 22. Qg5 Qxd1 23. Raxd1 Nf3+ 24. Kh1 Nxg5 25. Rxe5 h6 26. Rexd5 Bf5
27. Rd8+ Rxd8 28. Rxd8+ Kf7 29. h4 Nf3 30. Kg2 Nxh4+ 31. Kg3 g5 32. f4 Be6 33.
fxg5 hxg5 34. Rb8 Bd5 35. Kg4 Nf3 36. Kf5 Ke7 37. Rh8 Kd6 38. Rd8+ Kc5 39. Re8
Nd4+ 40. Kxg5 Nxc2 41. a4 Bc6 42. Re7 a5 43. Kf4 Kb4 44. Re2 Bxa4 45. Ke5 Bb3
46. Kd6 a4 47. Kc7 b5 0-1

[Event "OLNN 2122 SC Diogenes - Hamburger SK II"]
[Site "?"]
[Date "2021.10.31"]
[Round "1.2"]
[White "Hochgraefe, Markus"]
[Black "Gaede, Derek"]
[Result "0-1"]
[WhiteElo "2393"]
[BlackElo "2265"]
[PlyCount "86"]
[EventDate "2021.??.??"]

1. Nf3 Nf6 2. c4 e6 3. g3 d5 4. Bg2 d4 5. O-O c5 6. d3 Nc6 7. e3 Nd7 8. Re1 Be7
9. exd4 cxd4 10. Na3 e5 11. Nc2 a5 12. Rb1 O-O 13. b3 Bd6 14. a3 Nc5 15. b4
axb4 16. axb4 Na4 17. Bd2 Re8 18. Ng5 h6 19. Ne4 Bf8 20. g4 Qh4 21. h3 f5 22.
gxf5 Bxf5 23. Qf3 Be6 24. Qg3 Be7 25. b5 Nd8 26. Qxh4 Bxh4 27. Bb4 Nf7 28. Nd6
Nxd6 29. Bxd6 Nc3 30. Ra1 Rxa1 31. Nxa1 Bf5 32. Bxb7 Bxd3 33. Bc6 Re6 34. Bc7
Rg6+ 35. Kh1 Bxf2 36. b6 Bxe1 37. b7 Rxc6 38. b8=Q+ Kh7 39. Bxe5 Rg6 40. Kh2
Be4 41. h4 Ne2 42. h5 Rg2+ 43. Kh3 Ng1# 0-1

[Event "OLNN 2122 SC Diogenes - Hamburger SK II"]
[Site "?"]
[Date "2021.10.31"]
[Round "1.3"]
[White "Kugler, Florian"]
[Black "Schulenburg, Fabian"]
[Result "1/2-1/2"]
[WhiteElo "2233"]
[BlackElo "2293"]
[PlyCount "114"]
[EventDate "2021.??.??"]

1. c4 e5 2. Nc3 Nf6 3. g3 d5 4. cxd5 Nxd5 5. Bg2 Nb6 6. Nf3 Nc6 7. d3 Be7 8.
Be3 O-O 9. a3 Be6 10. O-O Nd5 11. Nxd5 Bxd5 12. Rc1 f6 13. Qa4 a6 14. Rfd1 Qd7
15. Nd2 Bxg2 16. Kxg2 Qd5+ 17. f3 Rfc8 18. Qb3 Qxb3 19. Nxb3 Nd8 20. d4 exd4
21. Nxd4 Kf7 22. Nf5 Nc6 23. h4 Rd8 24. Bf4 Rxd1 25. Rxd1 Rd8 26. Rc1 Rd7 27.
Nxe7 Kxe7 28. Kf2 Ne5 29. Bxe5 fxe5 30. Ke3 Ke6 31. Rc4 c6 32. f4 exf4+ 33.
Rxf4 Rd1 34. Re4+ Kf6 35. Rf4+ Ke6 36. Re4+ Kf6 37. Rb4 Rd7 38. Rf4+ Ke5 39.
Re4+ Kf6 40. Rf4+ Ke5 41. g4 c5 42. Rf5+ Kd6 43. h5 h6 44. Kf4 b5 45. e4 Rc7
46. Ke3 a5 47. Rf8 c4 48. Rb8 c3 49. bxc3 Rxc3+ 50. Kd4 Rc4+ 51. Kd3 Rc5 52.
Kd4 Rg5 53. Ra8 b4 54. axb4 axb4 55. Rb8 Rxg4 56. Rxb4 Rg5 57. Rb7 Kc6 1/2-1/2

[Event "OLNN 2122 SC Diogenes - Hamburger SK II"]
[Site "?"]
[Date "2021.10.31"]
[Round "1.5"]
[White "Zieher, Hartmut"]
[Black "Laqua, Christian"]
[Result "1/2-1/2"]
[WhiteElo "2138"]
[BlackElo "2097"]
[PlyCount "30"]
[EventDate "2021.??.??"]

1. e4 Nf6 2. e5 Nd5 3. d4 d6 4. Nf3 dxe5 5. Nxe5 c6 6. c4 Nb4 7. Be3 Bf5 8. Nd3
e5 9. Nxb4 Bxb4+ 10. Nc3 Qa5 11. Qb3 exd4 12. Bxd4 O-O 13. Be2 Rd8 14. Be3 Nd7
15. O-O Nc5 1/2-1/2

[Event "OLNN 2122 SC Diogenes - Hamburger SK II"]
[Site "?"]
[Date "2021.10.31"]
[Round "1.6"]
[White "Gottuk, Stefan"]
[Black "Schumacher, Norbert"]
[Result "1/2-1/2"]
[WhiteElo "2160"]
[BlackElo "2164"]
[PlyCount "37"]
[EventDate "2021.??.??"]

1. d4 c5 2. Nf3 cxd4 3. Nxd4 Nf6 4. c4 e6 5. Nc3 Be7 6. e4 d6 7. Be2 O-O 8. O-O
a6 9. b3 Qc7 10. Bb2 Nbd7 11. Nc2 b6 12. Qd2 Bb7 13. f3 Rac8 14. Rac1 Rfe8 15.
Rfd1 Qb8 16. Bf1 Bf8 17. Ne3 Rcd8 18. Qf2 Bc6 19. Nc2 1/2-1/2

[Event "OLNN 2122 SC Diogenes - Hamburger SK II"]
[Site "?"]
[Date "2021.10.31"]
[Round "1.7"]
[White "Holinka, Henning"]
[Black "Kilic, Oguz"]
[Result "1-0"]
[WhiteElo "2244"]
[BlackElo "2050"]
[PlyCount "67"]
[EventDate "2021.??.??"]

1. e4 c5 2. Nf3 g6 3. c4 Bg7 4. d4 cxd4 5. Nxd4 Nc6 6. Be3 Nf6 7. Nc3 O-O 8.
Be2 d6 9. O-O a6 10. f3 Bd7 11. Qd2 Rc8 12. Rfc1 Nxd4 13. Bxd4 Bc6 14. b4 Nh5
15. b5 Bd7 16. Nd5 Bxd4+ 17. Qxd4 Rc5 18. e5 Be6 19. g4 Ng7 20. Nxe7+ Qxe7 21.
exd6 Qg5 22. f4 Rxc4 23. Rxc4 Qh4 24. Rc3 Bxg4 25. f5 h5 26. Bxg4 hxg4 27. d7
gxf5 28. Rc8 Ne6 29. Qd6 Rd8 30. Rac1 Kh7 31. Rxd8 Qxd8 32. Rc8 Qa5 33. Qe5 Kg6
34. Rg8+ 1-0

[Event "OLNN 2122 SC Diogenes - Hamburger SK II"]
[Site "?"]
[Date "2021.10.31"]
[Round "1.8"]
[White "Apitzsch, Leon Fabian"]
[Black "Hedden, Helge"]
[Result "0-1"]
[WhiteElo "1989"]
[BlackElo "2128"]
[PlyCount "50"]
[EventDate "2021.??.??"]

1. e4 e6 2. d4 d5 3. exd5 exd5 4. c4 Nf6 5. Nc3 Be7 6. Nf3 O-O 7. h3 c6 8. Be3
Bf5 9. Qb3 Qb6 10. Qxb6 axb6 11. a3 Bb4 12. Rc1 Bxc3+ 13. Rxc3 Nbd7 14. Ne5
Rfe8 15. Nxd7 Bxd7 16. Rb3 dxc4 17. Rxb6 Nd5 18. Rxb7 Bc8 19. Rb4 Nxb4 20. axb4
Ra2 21. Kd2 Rxb2+ 22. Kc3 Rb1 23. g3 Be6 24. Bg2 Rb3+ 25. Kd2 Ra8 0-1

[Event "OLNN 2122 SK Doppelbauer Turm Kiel II -"]
[Site "?"]
[Date "2021.10.31"]
[Round "1.1"]
[White "Kalinitschew, Sergey"]
[Black "Pajeken, Jakob Leon"]
[Result "0-1"]
[WhiteElo "2412"]
[BlackElo "2395"]
[PlyCount "84"]
[EventDate "2021.??.??"]

1. Nf3 d5 2. g3 Nf6 3. Bg2 c5 4. O-O e6 5. c4 d4 6. d3 Nc6 7. e3 h6 8. exd4
cxd4 9. Re1 Bd6 10. Na3 O-O 11. Nc2 a5 12. a3 e5 13. Rb1 a4 14. Nb4 Re8 15. Nd5
Be6 16. Nxf6+ Qxf6 17. Nd2 Qe7 18. Ne4 Bc7 19. b4 axb3 20. Rxb3 f5 21. Nd2 Bd6
22. Qh5 Qd7 23. Bd5 Bxd5 24. cxd5 Na5 25. Rb6 Qc7 26. Rb5 Rf8 27. Nf3 Rf6 28.
Bd2 b6 29. Rc1 Qd8 30. Bb4 Bxb4 31. axb4 Qd7 32. Rxb6 Rxb6 33. bxa5 Rb5 34.
Nxe5 Qxd5 35. Nc4 Rab8 36. Qd1 Rb3 37. Ra1 Qb5 38. Kg2 Qb7+ 39. Kh3 Rb1 40.
Rxb1 Qxb1 41. Qe2 Kh7 42. Nb6 Re8 0-1

[Event "OLNN 2122 SK Doppelbauer Turm Kiel II -"]
[Site "?"]
[Date "2021.10.31"]
[Round "1.2"]
[White "Arndt, Magnus"]
[Black "Kreuzholz, Michael"]
[Result "1/2-1/2"]
[WhiteElo "2323"]
[BlackElo "2334"]
[PlyCount "55"]
[EventDate "2021.??.??"]

1. d4 Nf6 2. Bf4 g6 3. Nc3 d5 4. Nb5 Na6 5. e3 Bg7 6. h3 c6 7. Nc3 Qb6 8. Rb1
O-O 9. Nf3 Ne4 10. Nxe4 dxe4 11. Nd2 Be6 12. Bc4 Bxc4 13. Nxc4 Qb4+ 14. Nd2 e5
15. c3 Qe7 16. dxe5 Bxe5 17. O-O Rad8 18. Qc2 Bxf4 19. exf4 Nc5 20. Rfe1 f5 21.
Re3 Qd6 22. Nb3 Ne6 23. g3 c5 24. Qe2 b6 25. h4 Nc7 26. Qc4+ Qd5 27. Qxd5+ Nxd5
28. Ree1 1/2-1/2

[Event "OLNN 2122 SK Doppelbauer Turm Kiel II -"]
[Site "?"]
[Date "2021.10.31"]
[Round "1.3"]
[White "Schmidt, Harald"]
[Black "Boe, Mads"]
[Result "1/2-1/2"]
[WhiteElo "2351"]
[BlackElo "2243"]
[PlyCount "43"]
[EventDate "2021.??.??"]

1. e4 c6 2. Nf3 d5 3. exd5 cxd5 4. Ne5 Nc6 5. d4 Nf6 6. c3 e6 7. Nd2 Bd6 8.
Ndf3 Qc7 9. Nxc6 bxc6 10. Bd3 a5 11. Qe2 Qb6 12. Ne5 Ba6 13. O-O Bxd3 14. Nxd3
Qc7 15. h3 O-O 16. b3 Nd7 17. c4 dxc4 18. bxc4 c5 19. dxc5 Nxc5 20. Be3 Rfd8
21. Nxc5 Bxc5 22. Rfc1 1/2-1/2

[Event "OLNN 2122 SK Doppelbauer Turm Kiel II -"]
[Site "?"]
[Date "2021.10.31"]
[Round "1.5"]
[White "Krause, Ullrich"]
[Black "Luckow, Rolf"]
[Result "1/2-1/2"]
[WhiteElo "2208"]
[BlackElo "2209"]
[PlyCount "98"]
[EventDate "2021.??.??"]

1. d4 d5 2. Nf3 Nf6 3. g3 c6 4. Bg2 h6 5. O-O Bf5 6. c4 e6 7. Nc3 Be7 8. Qb3
Qb6 9. c5 Qxb3 10. axb3 O-O 11. b4 a6 12. Nd2 Nbd7 13. Nb3 Bd8 14. Bf4 Rc8 15.
f3 Bc7 16. Bxc7 Rxc7 17. e4 Bg6 18. exd5 Nxd5 19. Nxd5 exd5 20. Rfe1 Nf6 21.
Kf2 Re8 22. Rxe8+ Nxe8 23. Re1 Kf8 24. Na5 Bf5 25. h3 g6 26. g4 Bd3 27. Bf1
Bxf1 28. Rxf1 Ng7 29. Nb3 Ne6 30. Kg3 g5 31. Re1 Nf4 32. Re3 f6 33. h4 Re7 34.
Rxe7 Kxe7 35. Nc1 Ke6 36. h5 f5 37. Kf2 Kf6 38. Ke3 Ng2+ 39. Kf2 Nf4 40. Ke3
Ne6 41. Nb3 f4+ 42. Kd3 Ke7 43. Kc3 Kd7 44. Nc1 Nd8 45. Nd3 Nf7 46. Kb3 Kc7 47.
Kc3 Kd7 48. Kb3 Kc7 49. Kc3 Kd7 1/2-1/2

[Event "OLNN 2122 SK Doppelbauer Turm Kiel II -"]
[Site "?"]
[Date "2021.10.31"]
[Round "1.6"]
[White "Rieper, Julian"]
[Black "Poghosyan, Tigran"]
[Result "0-1"]
[WhiteElo "2132"]
[BlackElo "2141"]
[PlyCount "66"]
[EventDate "2021.??.??"]

1. e4 c5 2. Nf3 d6 3. d4 cxd4 4. Nxd4 Nf6 5. Nc3 a6 6. Be3 e5 7. Nb3 Be7 8. h3
Be6 9. g4 d5 10. g5 d4 11. gxf6 Bxf6 12. Nc5 Qc7 13. Nxe6 fxe6 14. Qg4 Qc6 15.
Bd2 dxc3 16. Bxc3 Nd7 17. O-O-O Rc8 18. f3 Nc5 19. Rh2 O-O 20. Bb4 Be7 21. Kb1
Rcd8 22. Rhd2 Rxd2 23. Bxd2 Rd8 24. Be2 Na4 25. Rg1 g6 26. Be3 Ba3 27. Qh4 Rc8
28. Bd3 Nxb2 29. Qf6 Nxd3 30. Rxg6+ hxg6 31. Qxg6+ Kf8 32. Bh6+ Ke7 33. Bg5+
Kd6 0-1

[Event "OLNN 2122 SK Doppelbauer Turm Kiel II -"]
[Site "?"]
[Date "2021.10.31"]
[Round "1.7"]
[White "Lampe, Dirk"]
[Black "Budzyn, Matthias"]
[Result "1/2-1/2"]
[WhiteElo "2166"]
[BlackElo "2139"]
[PlyCount "63"]
[EventDate "2021.??.??"]

1. e4 e5 2. Nf3 Nc6 3. Bb5 a6 4. Ba4 Nf6 5. O-O Be7 6. Re1 b5 7. Bb3 d6 8. a4
Bd7 9. c3 O-O 10. d3 Na5 11. Bc2 c5 12. Nbd2 Nc6 13. Nf1 b4 14. Ne3 h6 15. d4
bxc3 16. bxc3 exd4 17. cxd4 Nb4 18. Bb1 d5 19. exd5 Nfxd5 20. Nxd5 Nxd5 21.
dxc5 Nc3 22. Qc2 Nxb1 23. Rxb1 Rc8 24. Ba3 Bf6 25. Red1 Qc7 26. c6 Rfd8 27. Bb2
Qxc6 28. Qxc6 Bxc6 29. Bxf6 gxf6 30. Rxd8+ Rxd8 31. a5 Bxf3 32. gxf3 1/2-1/2

[Event "OLNN 2122 SK Doppelbauer Turm Kiel II -"]
[Site "?"]
[Date "2021.10.31"]
[Round "1.8"]
[White "Farokhi, Keyvan"]
[Black "Bornholdt, Joa Max"]
[Result "1/2-1/2"]
[WhiteElo "2238"]
[BlackElo "1956"]
[PlyCount "82"]
[EventDate "2021.??.??"]

1. d4 d5 2. c4 e6 3. Nf3 Nf6 4. g3 Be7 5. Bg2 O-O 6. O-O dxc4 7. Qc2 a6 8. a4
Bd7 9. Qxc4 Bc6 10. Bg5 Bd5 11. Qd3 Be4 12. Qe3 Bxb1 13. Raxb1 a5 14. Qb3 Ra7
15. Rfd1 c6 16. Ne5 Na6 17. e4 Nb4 18. Be3 Ra8 19. h3 Nd7 20. Nc4 b5 21. Na3
Qb8 22. d5 bxa4 23. Qxa4 Nc5 24. Bxc5 Bxc5 25. Rbc1 Qa7 26. Rd2 cxd5 27. exd5
exd5 28. Nb5 Qb6 29. Nc3 Rac8 30. Qd1 Qh6 31. Ra1 d4 32. Ne2 d3 33. Nf4 Qb6 34.
Ra3 Rfd8 35. Nxd3 Nxd3 36. Raxd3 Rxd3 37. Rxd3 Bxf2+ 38. Kh2 g6 39. b3 Qc7 40.
Bd5 Qc2 41. Bxf7+ Kg7 1/2-1/2

[Event "OLNN 2122 Preetzer TSV - SK Johanneum E"]
[Site "?"]
[Date "2021.10.31"]
[Round "1.2"]
[White "Reinecker, Kai"]
[Black "Wessman, Richard"]
[Result "1/2-1/2"]
[WhiteElo "2271"]
[BlackElo "2419"]
[PlyCount "43"]
[EventDate "2021.??.??"]

1. e4 e6 2. d4 d5 3. Nd2 dxe4 4. Nxe4 Bd7 5. Nf3 Bc6 6. Bd3 Bxe4 7. Bxe4 c6 8.
O-O Nf6 9. Bd3 Bd6 10. Qe2 O-O 11. Bg5 Nbd7 12. Ne5 Qc7 13. Nxd7 Nxd7 14. Qh5
g6 15. Qh4 Rfe8 16. Rfe1 Bf8 17. Re3 Bg7 18. Rh3 Nf8 19. c3 a6 20. Re1 Rac8 21.
Rhe3 Qd6 22. Bc2 1/2-1/2

[Event "OLNN 2122 Preetzer TSV - SK Johanneum E"]
[Site "?"]
[Date "2021.10.31"]
[Round "1.3"]
[White "von Gleich, Alexander"]
[Black "Schwarz, Frank"]
[Result "1/2-1/2"]
[WhiteElo "2335"]
[BlackElo "2224"]
[PlyCount "162"]
[EventDate "2021.??.??"]

1. Nf3 d5 2. c4 e6 3. g3 Nf6 4. Bg2 Be7 5. O-O O-O 6. d4 Nbd7 7. Qc2 c6 8. Nbd2
b6 9. e4 Bb7 10. Rd1 c5 11. exd5 exd5 12. Qf5 Qc7 13. b3 Rad8 14. Bb2 Rfe8 15.
Rac1 Qb8 16. cxd5 Bxd5 17. Ne5 Nxe5 18. dxe5 Be6 19. Qb1 Nd7 20. f4 Bg4 21. Re1
Nf8 22. Ne4 Qc8 23. Nf2 Bf5 24. Qa1 Ne6 25. Red1 Rxd1+ 26. Rxd1 c4 27. Ne4 Bxe4
28. Bxe4 Nc5 29. Bd5 cxb3 30. axb3 a5 31. Qb1 Qg4 32. Qc2 Rd8 33. Rd2 h5 34.
Kg2 h4 35. Bf3 h3+ 36. Kf2 Qe6 37. Rxd8+ Bxd8 38. Qd1 Be7 39. Bd5 Qf5 40. Ke3
Qd7 41. Qd4 Ne6 42. Qe4 Nc7 43. Bc4 Qd1 44. Bd4 Bb4 45. Qf5 Qd2+ 46. Kf3 Qd1+
47. Be2 Qxb3+ 48. Kg4 Ne6 49. Bxb6 Be1 50. Bg1 a4 51. Qe4 a3 52. Bc4 Qb4 53.
Kxh3 g6 54. Qd5 Kg7 55. Ba2 Bd2 56. Qc4 Qb2 57. Bc5 Qb7 58. Qd3 Qc8 59. Kg2
Qc6+ 60. Bd5 Qxc5 61. Qxd2 Nd4 62. Ba2 Qc6+ 63. Kh3 Qe4 64. Qc3 Qf5+ 65. Kg2
Qc2+ 66. Qxc2 Nxc2 67. g4 Nb4 68. Bb3 a2 69. Bxa2 Nxa2 70. h4 Nb4 71. Kf3 Nc6
72. Ke4 Ne7 73. f5 gxf5+ 74. gxf5 Kh6 75. f6 Ng6 76. Kd5 Nf4+ 77. Kd6 Kg6 78.
Ke7 Nd5+ 79. Kf8 Nxf6 80. exf6 Kxf6 81. h5 Kg5 1/2-1/2